[Event "Fagernes GM Swiss 2020"]
[Site "Fagernes"]
[Date "2020.10.11"]
[Round "9.4"]
[White "Holm, Kristian Stuvik"]
[Black "Notkevich, Benjamin Arvola"]
[Result "1-0"]
[WhiteElo "2465"]
[BlackElo "2482"]
[Annotator "TA"]
[PlyCount "81"]
[EventDate "2020.10.04"]
[EventType "swiss"]
[EventCountry "NOR"]
[SourceTitle "playchess.com"]
[Source "ChessBase"]
[SourceQuality "1"]

{[%evp 9,81,153,137,146,148,361,117,62,82,56,72,61,67,64,78,80,79,77,67,21,23,15,21,34,15,35,13,31,116,82,82,0,239,222,210,172,286,287,280,278,284,277,293,270,275,258,349,337,406,347,545,378,608,608,590,580,596,400,594,587,599,593,662,642,825,839,754,812,970,771,955,948,867,861]} 1. d4 f5 2. Nc3 g6 3. h4 Nf6 4. h5 Nxh5 5. Rxh5 gxh5 6. e4 {[%cal Rd1h5] A80: Dutch Defence: Unusual White second moves.} d6 7. Qxh5+ {[%mdl 64] [#] Double Attack} Kd7 {[#]} 8. exf5 $146 (8. Qxf5+ $16 e6 9. Qh3) ({Predecessor:} 8. Qxf5+ e6 9. Qh3 c6 10. d5 Kc7 11. dxe6 Qf6 12. Bc4 a5 13. a4 Na6 14. Nf3 {1-0 (37) Koelsch,M-Rulofs,H Kiel 2003}) 8... Qe8 $14 9. Qf3 {[%mdl 1024] White has strong compensation.} ({Reject} 9. Qe2 $6 Kd8 $11) 9... Nc6 10. Be3 Kd8 11. Nh3 Bg7 12. Qe4 Rf8 13. g4 h5 {[#] Strongly threatening ...hxg4.} 14. f3 hxg4 15. fxg4 e6 $1 {[%cal Re6f5]} 16. Bg5+ Bf6 17. Bxf6+ $1 Rxf6 18. d5 $36 {[%mdl 2048] White is pushing.} exf5 ({Better is} 18... exd5 $1 $14 19. Qxe8+ Kxe8) 19. Qxe8+ $16 Kxe8 20. g5 Rf8 $2 {White now steadily converts the win.} (20... Nb4 $1 $11 21. O-O-O Rg6) 21. dxc6 $18 bxc6 22. Bg2 d5 (22... Bd7 $142 23. Nf4 Rh8) 23. Nf4 Rb8 24. b3 Rg8 25. g6 Ke7 26. Kf2 Bd7 27. Bf3 Kf6 28. Rg1 Rbf8 29. g7 Rf7 (29... Rd8 $142 30. Nh5+ Kf7) 30. Nce2 Be8 $2 (30... Rfxg7 31. Nh5+ {[%mdl 64] Double Attack} Kf7 32. Nxg7 Rxg7 33. Rxg7+ Kxg7) 31. Rg6+ Ke7 32. Nh5 f4 33. Rg5 Bd7 (33... Rf6 $142 34. Nxf6 Kxf6) 34. Nexf4 {White is clearly winning.} Bf5 35. c3 Kd6 36. Kg3 a5 37. Bg4 Bxg4 38. Kxg4 Re7 39. Kf5 Rf7+ 40. Nf6 c5 41. N4h5 {Accuracy: White = 68%, Black = 50%.} 1-0

[Event "Fagernes GM Swiss 2020"]
[Site "Fagernes"]
[Date "2020.10.11"]
[Round "9.5"]
[White "Dahl, Trygve"]
[Black "Haldorsen, Benjamin"]
[Result "1/2-1/2"]
[WhiteElo "2211"]
[BlackElo "2469"]
[Annotator "TA"]
[PlyCount "118"]
[EventDate "2020.10.04"]
[EventType "swiss"]
[EventCountry "NOR"]
[SourceTitle "playchess.com"]
[Source "ChessBase"]
[SourceQuality "1"]

{[%evp 13,118,10,16,16,20,17,18,12,2,18,10,0,10,16,41,22,23,0,0,0,0,-3,56,48,58,-22,31,42,51,27,72,42,75,63,77,0,61,0,74,0,81,23,61,-5,-5,-4,-4,-11,-10,-11,-8,-15,0,0,0,0,0,0,0,0,0,0,0,0,0,0,0,0,0,0,0,0,0,0,0,0,0,0,0,0,0,0,0,0,0,0,0,0,0,0,0,0,0,0,0,0,0,0,0,0,0,0,0,0,0,0,0]} 1. e4 c5 2. Nf3 d6 3. d4 cxd4 4. Nxd4 Nf6 5. f3 e5 6. Nb3 Be7 7. c4 O-O 8. Nc3 {B55: Sicilian: 2...d6 3 d4 cxd4 4 Nxd4 Nf6 5 f3.} Nc6 9. Be3 a5 10. Qd2 a4 11. Nc1 Qa5 12. Be2 {[#]} Nd4 $146 ({Predecessor:} 12... Bd8 13. Nb5 Qxd2+ 14. Kxd2 Ba5+ 15. Kc2 Rd8 16. Rd1 Ne8 17. Nd3 Be6 18. b3 Nc7 19. Nxc7 Bxc7 {0-1 (42) Mohr,G (2473)-Wojtaszek,R (2736) Katowice 2017}) 13. Bd3 Be6 14. N1e2 Rfc8 15. Nxd4 exd4 16. Bxd4 Bxc4 17. O-O b5 (17... d5 $11) 18. Bxc4 $14 Rxc4 19. a3 (19. b3 $14 Rcc8 20. Rac1) 19... b4 ({Black should try} 19... d5 $11) 20. axb4 Qxb4 21. Rfd1 Ra5 22. Kh1 h6 23. Qd3 Rc8 24. Qd2 Rc4 25. Qd3 Rc8 26. Qd2 (26. Ne2 $16) 26... Rb8 (26... Rc4 $11 {remains equal.}) 27. Rab1 ({Better is} 27. Ra2 $16) 27... Raa8 28. Bxf6 (28. Qe1 $14) 28... Bxf6 $11 {The position is equal.} 29. Nd5 Qxd2 30. Nxf6+ gxf6 31. Rxd2 {[%mdl 4096] Endgame KRR-KRR} a3 {[#] Threatens to win with ...Rxb2.} 32. Kg1 Ra4 33. b3 Rab4 34. Rd3 Kg7 35. Ra1 Rxb3 36. Rxa3 Rb1+ 37. Kf2 R8b2+ 38. Kg3 Rg1 39. Rxd6 f5 40. Ra7 fxe4 41. Rdd7 Rgxg2+ 42. Kf4 exf3 43. Rxf7+ Kg6 {[#] Strongly threatening ...f2.} 44. Rg7+ Kh5 45. Kxf3 Rbf2+ 46. Ke3 Rxh2 47. Ra6 Re2+ 48. Kd3 Rd2+ 49. Ke3 Rde2+ (49... Rhf2 {seems wilder.} 50. Ke4 Rfe2+ 51. Kf3 Rf2+ 52. Ke3 Rfe2+) 50. Kd3 Ra2 (50... Re1 {with more complications.} 51. Rgg6 Rh3+ 52. Kc4 Rh4+ 53. Kc3 Rh3+) 51. Rxa2 Rxa2 {KR-KR} 52. Ke3 Kh4 53. Kf3 h5 54. Rh7 Ra3+ 55. Kg2 Ra2+ 56. Kf3 Ra3+ 57. Kg2 Kg4 58. Rg7+ Kh4 59. Rh7 Ra2+ {Accuracy: White = 85%, Black = 83%.} 1/2-1/2

[Event "Fagernes GM Swiss 2020"]
[Site "Fagernes"]
[Date "2020.10.11"]
[Round "9.6"]
[White "Unneland, Mathias"]
[Black "Kaasen, Tor Fredrik"]
[Result "1/2-1/2"]
[WhiteElo "2149"]
[BlackElo "2386"]
[Annotator "TA"]
[PlyCount "93"]
[EventDate "2020.10.04"]
[EventType "swiss"]
[EventCountry "NOR"]
[SourceTitle "playchess.com"]
[Source "ChessBase"]
[SourceQuality "1"]

{[%evp 20,93,46,25,54,54,47,15,77,56,92,81,91,87,100,99,124,106,104,101,187,175,147,107,110,85,90,50,76,46,114,38,71,54,52,39,42,46,70,80,78,69,74,60,52,18,50,26,34,19,72,18,35,0,21,9,67,46,62,32,39,0,11,0,56,63,310,306,279,268,291,296,403,364,510,470]} 1. d4 Nf6 2. c4 g6 3. Nc3 Bg7 4. e4 d6 5. Nf3 O-O 6. Be2 e5 7. O-O Nc6 8. d5 Ne7 9. b4 a5 10. bxa5 $1 {[%mdl 4] now scores much better than the old 10.Ba3.} Rxa5 11. a4 c5 {E97: King's Indian: Classical Main Line (6...e5 7 0-0 Nc6): 8 Be3 and 8 d5 Ne7, not 9 Ne1.} 12. Bd2 Ra6 13. Qc2 {[#]} Kh8 $146 (13... Nh5 $11 {keeps the balance.}) ({Predecessor:} 13... Nd7 14. Ra3 f5 15. Ng5 Nf6 16. Rb1 fxe4 17. Ncxe4 Nxe4 18. Nxe4 Nf5 19. Qd1 Nd4 {½-½ (117) Kazhgaleyev,M (2582)-Yilmaz,M (2613) Almaty 2016}) 14. Rfb1 Neg8 15. Qc1 Ne8 16. Ra3 h6 17. g3 Qe7 18. Rab3 Kh7 19. Qd1 f5 (19... Qd7 $16) 20. exf5 $18 gxf5 21. Qc2 Bf6 22. Bf1 Qf7 23. Bh3 Bd8 24. Ne1 Ne7 ({Black should play} 24... Qh5 $14 25. Bg2 Ngf6) 25. Nd3 ({White should try} 25. Rxb7 $16 Bxb7 26. Rxb7) 25... Ng6 26. f3 b6 27. Qc1 Qg7 28. Kh1 Ra7 29. Ra3 Bd7 30. Nf2 Rg8 31. a5 bxa5 32. Nb5 {[%cal Bc3b5,Bb5a3,Ba3c2,Bc2e3,Be3g4][%mdl 32]} Ra6 33. Rba1 {[%cal Rd2a5]} Qf7 34. Bxa5 Bg5 (34... Bxa5 $11 {remains equal.} 35. Rxa5 Rxa5 36. Rxa5 Rg7) 35. Bd2 (35. Qb1 $16) 35... Rxa3 $11 36. Nxa3 Bxd2 37. Qxd2 Ng7 (37... h5 $11) 38. Nc2 Rb8 39. Qc1 Bc8 40. Rb1 Qa7 41. Ne3 f4 ({Better is} 41... Rxb1 $11 42. Qxb1 Qa3) 42. Neg4 $14 Nh5 $2 {[#] Loses the game.} (42... Bxg4 $14 43. Bxg4 (43. Nxg4 Nh5 $11) 43... h5) 43. Ne4 $18 Rxb1 44. Qxb1 Qe7 45. Qb8 Bxg4 46. Bxg4 ({Less strong is} 46. fxg4 Nf6 $18) 46... Nxg3+ (46... Ng7 $142 47. Qxd6 Qxd6 48. Nxd6 h5) 47. hxg3 {[%mdl 32768] Accuracy: White = 68%, Black = 45%. . An unexpected result.} 1/2-1/2

[Event "Fagernes GM Swiss 2020"]
[Site "Fagernes"]
[Date "2020.10.11"]
[Round "9.7"]
[White "Ingebretsen, Jens E"]
[Black "Hobber, Anders"]
[Result "0-1"]
[WhiteElo "2220"]
[BlackElo "2386"]
[Annotator "TA"]
[PlyCount "98"]
[EventDate "2020.10.04"]
[EventType "swiss"]
[EventCountry "NOR"]
[SourceTitle "playchess.com"]
[Source "ChessBase"]
[SourceQuality "1"]

{[%evp 19,98,0,0,3,5,0,0,6,4,0,6,-4,-4,-2,48,53,35,12,22,0,0,0,0,0,0,0,0,-23,12,-9,-14,-17,-17,-58,-27,-32,-51,-49,-17,-115,-113,-161,-169,-162,-158,-227,-186,-192,-168,-192,-184,-258,-256,-527,-480,-887,-848,-1241,-1216,-1122,-653,-1104,-1050,-1044,-1037,-1454,-669,-6270,-6129,-29960,-29963,-29980,-29980,-29973,-29970,-29970,-29972,-29984,-29973,-29972,-29969]} 1. c4 e6 2. Nf3 b6 3. g3 Bb7 4. Bg2 c5 5. O-O Nf6 6. Nc3 Be7 7. b3 O-O 8. Bb2 d5 9. cxd5 Nxd5 10. d4 Nd7 $1 {The main line 10...Nd7 scores better than 10...Nxc3.} 11. Qd2 {E17: Queen's Indian: 4 g3 Bb7 5 Bg2 Be7.} Rc8 12. Rac1 Nxc3 13. Qxc3 {The position is equal.} Bf6 14. Qd2 Bxf3 {[#]} 15. exf3 $146 ({Predecessor:} 15. Bxf3 Ne5 16. Bg2 Nc6 17. e3 Qd7 18. Bxc6 Rxc6 19. Qc2 Rfc8 20. dxc5 Rxc5 21. Qb1 {½-½ (47) Knezevic,M (2158)-Toth,A (2262) Obrenovac 2005}) 15... Nb8 16. Rcd1 c4 17. f4 b5 18. bxc4 bxc4 19. Bc3 Nd7 20. Qc2 Nb6 21. f5 exf5 22. Qxf5 Qd6 23. Rfe1 Rfd8 24. Be4 g6 25. Qf3 Bg7 26. a3 Qf6 27. Qg4 h5 28. Qh3 Rc7 29. Rc1 (29. Qg2 $11 {remains equal.}) 29... Qd6 $17 {Black continues to play with concentration.} 30. Re3 Bh6 $36 {[%mdl 2048] Black is in control.} 31. f4 Bg7 32. Rd1 (32. Qf1 $17) 32... Re8 {Hoping for ...Nd5.} 33. Bb4 {[#]} Qxd4 $1 {[%mdl 512]} 34. Rxd4 Bxd4 35. Kf1 (35. Qh4 {is a better defense.} Bxe3+ 36. Kg2) 35... Bxe3 $19 36. Bc2 $2 (36. Qh4 c3 37. Bxg6 fxg6 38. Qf6) 36... Bc5 {aiming for ...Bxb4.} 37. Bc3 (37. Ba5 $142 Re3 38. Qh4) 37... Nd5 38. Be5 Ne3+ 39. Ke2 Ng4 40. Kf1 Nxe5 41. fxe5 Rxe5 42. Qh4 Bb6 43. Qf6 Rce7 {( -> ...Re1+)} 44. Bxg6 {[#]} R5e6 $1 {Black mates.} 45. Bh7+ Kxh7 46. Qf5+ Rg6 47. Qxh5+ Kg7 48. Qd5 c3 {[%cal Bc4c3,Bc3c2][%mdl 32]} 49. Qd3 c2 {Accuracy: White = 41%, Black = 79%.} 0-1

[Event "Fagernes GM Swiss 2020"]
[Site "Fagernes"]
[Date "2020.10.11"]
[Round "9.8"]
[White "Miezis, Normunds"]
[Black "Nilsen, Tobias Lang"]
[Result "1-0"]
[WhiteElo "2485"]
[BlackElo "2146"]
[Annotator "TA"]
[PlyCount "135"]
[EventDate "2020.10.04"]
[EventType "swiss"]
[EventCountry "NOR"]
[SourceTitle "playchess.com"]
[Source "ChessBase"]
[SourceQuality "1"]

{[%evp 9,135,2,0,0,0,0,0,0,4,0,0,0,12,-7,0,-5,0,0,0,0,0,0,3,0,0,-21,-21,-12,-5,-8,-3,0,0,0,0,-15,0,0,5,0,10,0,7,-50,-49,-25,-45,-40,-52,-44,68,-7,0,0,54,57,70,63,63,50,68,0,0,0,91,95,96,0,0,0,0,0,0,0,0,0,0,0,0,0,0,0,0,0,0,0,0,0,0,0,0,0,0,0,10,0,0,0,0,0,0,0,0,0,0,0,23,24,92,63,62,28,119,119,145,124,194,183,205,207,240,241,315,312,420,393,12837,7855]} 1. c4 c5 2. Nc3 g6 3. g3 Bg7 4. Bg2 Nc6 5. a3 e6 6. d3 {A36: Symmetrical English vs ...g6: 4 Bg2 Bg7.} Nge7 7. h4 h6 8. Bd2 {The position is equal.} d6 9. Rb1 b6 10. b4 Bb7 11. Nh3 Qd7 12. Nf4 O-O 13. O-O Nd4 14. e4 {[#]} Nec6 $146 ({Predecessor:} 14... Rac8 15. Re1 Kh7 16. Nh3 cxb4 17. Rxb4 Nec6 18. Rb1 Ne5 {½-½ (34) Gheng,J (2337)-Hirneise,J (2293) Stuttgart 2016}) 15. Nce2 Kh7 16. Be3 Rfd8 17. Kh1 Nxe2 18. Qxe2 Nd4 19. Qd1 Rac8 20. Kh2 Ba8 21. b5 Qe7 22. Bh3 Rc7 23. Bg2 Rcc8 24. a4 Be5 25. Nh3 d5 {Hoping for ...dxc4.} 26. Qc1 ({Better is} 26. f4 $11 Bg7 27. cxd5) 26... Bg7 27. exd5 exd5 28. Re1 {[#] aiming for Bxd4.} Qf6 29. Bxd4 Qxd4 (29... cxd4 $15 30. a5 dxc4 31. Bxa8 Rxa8 32. Qxc4 bxa5) 30. Qf4 (30. Re7 $14) 30... dxc4 $11 {And now ...Bxg2 would win.} 31. dxc4 Bxg2 (31... Qxf4 $11 32. Nxf4 Rd2) 32. Kxg2 $14 Qf6 33. Re4 Rd4 34. Rbe1 Rcd8 35. Qxf6 ({White should try} 35. Qg4 $14) 35... Bxf6 $11 36. Nf4 Kg7 (36... Rxe4 $11 {keeps the balance.} 37. Rxe4 Rd2) 37. Nd5 $16 Rd7 {[#]} 38. R1e2 (38. Rxd4 $1 $16 Bxd4 39. Re7 Rxe7 40. Nxe7) 38... Rd1 $11 39. Re1 Rd2 40. R4e2 Rd3 41. Ra2 Bd8 42. Re4 Rd6 43. Kf1 Rd1+ 44. Ke2 Rc1 45. Kd3 Rd1+ 46. Kc2 Rf1 47. Re2 Re6 48. Rd2 Rd6 49. Kd3 Rc1 50. Rdc2 Rd1+ 51. Ke2 Rb1 52. Ra3 Re6+ 53. Kf3 Rd6 54. Raa2 Rd1 55. Rd2 Rc1 56. Ne3 Rd4 57. Ke2 Bf6 58. a5 Bd8 (58... bxa5 $1 $11 59. Rxa5 Rxd2+ 60. Kxd2 Bc3+ 61. Kxc1 Bxa5) 59. axb6 Bxb6 60. Rac2 Rxd2+ (60... Rxc2 $11 61. Rxc2 Kf6) 61. Rxd2 {[%mdl 4096] Endgame KRB-KRN} Rc3 62. Rd7 Kf8 (62... h5 $16 63. Rb7 Ra3) 63. g4 $18 Ke8 64. Rb7 Rc1 65. h5 gxh5 66. gxh5 Rh1 67. Nd5 Rxh5 $2 (67... Kd8 68. Nxb6 (68. Rxf7 Rxh5 69. f4 Rh4 $18) 68... axb6 69. Rxb6 Rxh5) 68. Nf6+ {[%mdl 64] Double Attack. Accuracy: White = 88%, Black = 73%.} 1-0

[Event "Fagernes GM Swiss 2020"]
[Site "Fagernes"]
[Date "2020.10.11"]
[Round "9.9"]
[White "Vitenberg, Noam Aviv"]
[Black "Abdrlauf, Elham"]
[Result "1-0"]
[WhiteElo "2298"]
[BlackElo "2362"]
[Annotator "TA"]
[PlyCount "87"]
[EventDate "2020.10.04"]
[EventType "swiss"]
[EventCountry "NOR"]
[SourceTitle "playchess.com"]
[Source "ChessBase"]
[SourceQuality "1"]

{[%evp 24,86,0,0,-4,0,0,-26,0,-18,0,-4,0,0,131,131,265,260,609,630,409,230,244,239,1064,1029,968,520,483,176,161,166,785,782,791,784,768,766,764,749,1079,1066,1540,1496,1444,1416,1381,1302,1155,1068,12799,12799,6402,6402,29993,29994,29995,29995,29997,29997,29997,29998,29998,29999,29999]} 1. d4 Nf6 2. c4 e6 3. Nc3 d5 4. Bg5 Be7 5. Nf3 O-O 6. e3 h6 7. Bh4 Nbd7 8. Rc1 dxc4 9. Bxc4 a6 10. O-O b5 11. Bb3 Bb7 12. Qe2 c5 13. Rfd1 c4 {D58: Queen's Gambit Declined: Tartakower Defence.} 14. Bc2 Nd5 15. Bg3 {[#]} Qa5 $146 {Black has an edge.} ({Predecessor:} 15... Nxc3 16. bxc3 Ba3 17. Rb1 Qa5 18. Nd2 Rac8 19. Be4 Bd5 20. Bc2 Qxc3 21. Nf1 {½-½ (22) Tempone,M (2435)-Bronstein,L (2415) La Carlota 1995}) 16. Bb1 Nxc3 17. Rxc3 Bb4 18. Rcc1 c3 (18... Rac8 $11 {remains equal.}) 19. a3 $16 cxb2 (19... Be7 $16) 20. Rc7 $40 {[%mdl 192] Double Attack. White is out for blood.} Bxa3 $2 (20... Bxf3 21. Qxf3 Qxa3) 21. Rxd7 Bd5 {[#]} 22. Bc7 (22. Ng5 $142 $1 {[%mdl 512]} Rae8 (22... hxg5 23. Qh5) 23. Nh7) 22... Qa4 23. Ne5 {Threatens to win with Qh5.} Bb3 $2 (23... Rae8 24. Ng4 Re7 25. Nxh6+ gxh6 26. Qg4+ Kh8 27. Be5+ f6 28. Bxf6+ {[%mdl 64] Deflection} Rxf6 29. Rd8+ Re8 30. Rxe8+ Rf8) 24. Rf1 (24. Qd3 f5 $16) 24... b4 25. Qh5 Bc2 26. Bd6 $2 (26. Rxf7 {Strongly threatening Bd6.} Bxb1 {[#]} 27. Rxg7+ $1 {[%mdl 512]} (27. Rxb1 $2 Qc2 $19) 27... Kxg7 28. Ng4 (28. Rxb1 $2 Qc2 $19 {[%mdl 64] Double Attack})) 26... Bxb1 27. Bxf8 ({And not} 27. Rxf7 Rxf7 28. Qxf7+ Kh7 $11) 27... Rxf8 $2 (27... Bg6 28. Nxg6 Qxd7) 28. Rxf7 (28. Rxb1 Qc2 $14) 28... Rxf7 29. Qxf7+ {[%mdl 64] Double Attack} Kh7 30. Nd7 ({Weaker is} 30. Rxb1 Qc2 $16) 30... Qxd7 31. Qxd7 Bf5 32. d5 b1=Q 33. Rxb1 Bxb1 34. dxe6 Bf5 35. Qd5 Bg6 36. f4 Bc2 37. e7 Bg6 38. f5 Bh5 {[#]} 39. f6 $1 {White mates.} Bg6 (39... gxf6 40. Qxh5) 40. f7 b3 41. e8=Q {[%csl Gd5,Gf7][%cal Re8g8]} h5 42. Qg5 {[%csl Gf7][%cal Re8g8]} Bf8 43. Qxf8 {[%csl Gf7][%cal Rf8g8]} b2 44. Qg8# {Black did not feel at home in the position after the opening. Accuracy: White = 71%, Black = 42%.} 1-0

[Event "Fagernes GM Swiss 2020"]
[Site "Fagernes"]
[Date "2020.10.11"]
[Round "9.10"]
[White "Ranaldi, Lucas"]
[Black "Lund, Gunnar"]
[Result "0-1"]
[WhiteElo "2334"]
[BlackElo "2302"]
[Annotator "TA"]
[PlyCount "78"]
[EventDate "2020.10.04"]
[EventType "swiss"]
[EventCountry "NOR"]
[SourceTitle "playchess.com"]
[Source "ChessBase"]
[SourceQuality "1"]

{[%evp 21,78,15,21,10,6,6,17,8,20,0,19,-6,0,3,0,-61,-50,-167,-67,-77,-41,-51,-52,-47,-48,-63,-45,-45,-52,-94,-93,-248,-250,-241,-219,-250,-225,-593,-585,-600,-337,-333,-330,-4802,-998,-5243,-1867,-1758,-1637,-29990,-29991,-29991,-29991,-29991,-29992,-29992,-29993,-29993,-29994]} 1. Nf3 Nf6 2. c4 e6 3. g3 b6 4. Bg2 Bb7 5. O-O Be7 6. d4 O-O 7. Re1 d5 8. cxd5 exd5 9. Nc3 Nbd7 {[%cal Bb8d7,Bd7c5,Bc5e4][%mdl 32]} 10. Bf4 c5 11. dxc5 Nxc5 12. Be5 {E17: Queen's Indian: 4 g3 Bb7 5 Bg2 Be7.} Nce4 13. Bd4 Rc8 14. Rc1 {The position is equal.} Bc5 {[#]} 15. Bxc5 $146 ({Predecessor:} 15. Qa4) 15... bxc5 16. Bh3 Rb8 17. Nxe4 Nxe4 18. Qc2 ({White should try} 18. Nd2 $11) 18... Qf6 $15 19. Rf1 (19. Bg2 $15) 19... Ba8 (19... Bc8 $19 20. Bxc8 Rxb2) 20. Rb1 Rb6 21. Nd2 Qh6 22. Nxe4 Qxh3 23. Ng5 Qh5 24. h4 d4 25. Qxc5 Qxe2 {White must now prevent ...h6.} 26. Rfe1 $2 {This costs White the game.} (26. Qxd4 $17 Qa6 27. Rfe1) 26... Rxb2 $40 {[%csl Gb2][%cal Re2f2][%mdl 128] Black has strong attack.} 27. Qf5 {[%csl Gg5][%cal Rf5h7]} (27. Rxe2 {is a self mate.} Rxb1+ 28. Qc1 Rxc1+ 29. Re1 Rxe1+ 30. Kh2 Rh1#) 27... Qc2 28. Qxc2 Rxc2 29. Re7 $2 (29. Rbd1 {is more resistant.}) 29... h6 30. Ne4 Rd8 {aiming for ...f5.} 31. Rd1 d3 32. Nd6 $2 (32. f3) 32... Bf3 (32... d2 $142 33. Ree1 Bf3) 33. Nxf7 Bxd1 (33... d2 $142 34. Re3 Bxd1 35. Nxd8 Bf3 {[%mdl 64] Decoy, Clearance, Promotion} 36. Rxf3 d1=Q+ 37. Kg2 Rc1 38. g4 g5 39. hxg5 Qg1+ 40. Kh3 hxg5 41. Rf8+ {[%mdl 64] Decoy} Kxf8 42. Ne6+ Kg8 43. Nxg5 Qxf2 44. Nf3 Rh1+ 45. Nh2 Rxh2#) 34. Nxd8 {[%mdl 4096] Endgame KRB-KRN} Bf3 {( -> ...Rc1+)} 35. Re8+ Kh7 {Black mates.} 36. Kh2 d2 37. Ne6 d1=Q {[%csl Gf3][%cal Rd1h1]} 38. Nf8+ {[#]} Kg8 $1 {[%csl Gf3][%cal Rd1h1]} 39. Nd7+ {[#]} Kf7 $1 {Accuracy: White = 40%, Black = 62%.} 0-1

[Event "Fagernes GM Swiss 2020"]
[Site "Fagernes"]
[Date "2020.10.11"]
[Round "9.11"]
[White "Galinsky, Timofey"]
[Black "Torngren, Gustav"]
[Result "1-0"]
[WhiteElo "2370"]
[BlackElo "2185"]
[Annotator "TA"]
[PlyCount "83"]
[EventDate "2020.10.04"]
[EventType "swiss"]
[EventCountry "NOR"]
[SourceTitle "playchess.com"]
[Source "ChessBase"]
[SourceQuality "1"]

{[%evp 13,83,6,39,33,40,0,0,-15,0,-41,0,-20,0,-13,-8,-38,25,25,25,23,16,23,34,31,31,31,35,0,39,34,35,42,52,52,54,54,45,45,74,74,74,74,74,71,71,71,110,93,93,93,93,93,93,93,93,93,104,104,104,93,93,93,93,93,100,100,202,202,1636,1479,1165,924]} 1. d4 Nf6 2. Nf3 g6 3. c3 Bg7 4. Bf4 O-O 5. e3 d6 6. h3 c5 7. Be2 Be6 8. dxc5 {A48: 1 d4 Nf6 2 Nf3 g6: Torre, London and Colle Systems.} dxc5 9. Qxd8 (9. Nbd2 {keeps more tension.} Qc8 10. O-O Nc6 11. Ng5 Bd7 12. Qc2) 9... Rxd8 10. O-O {The position is equal.} Nc6 11. Na3 Nd5 12. Bg3 Nb6 {[#]} 13. Bb5 $146 (13. Bc7 $5 {[%cal Rc7d8]}) ({Predecessor:} 13. Bc7 Rdc8 14. Bxb6 axb6 15. Nc4 Rd8 16. Nxb6 Rxa2 17. Rxa2 Bxa2 18. Na4 Ne5 19. Nxc5 {½-½ (19) Cherednichenko,E (2167)-Valdes Romero,L (2444) Barcelona 2013}) 13... h6 14. Bc7 Rd7 (14... Rdc8 $15 15. Bxb6 axb6) 15. Bxb6 $1 $11 axb6 16. Nc4 Bxc4 17. Bxc4 Ne5 18. Nxe5 Bxe5 19. f4 Bf6 20. Rad1 Rad8 (20... Rxd1 {feels hotter.} 21. Rxd1 b5 22. Bxb5 Rxa2 23. Rb1 e6) 21. Rxd7 Rxd7 $14 {[%mdl 4096] Endgame KRB-KRB} 22. g3 e5 23. Kg2 exf4 24. exf4 Rd2+ 25. Rf2 Rxf2+ 26. Kxf2 {KB-KB. White leaves nothing to chance now.} g5 27. Kf3 gxf4 28. gxf4 Bh4 29. Ke4 Be1 30. Bd5 Kf8 31. Bxb7 Ke7 32. Kd5 {Kc6 is the strong threat.} Kd7 33. Bc6+ Kc7 34. Be8 Bd2 35. f5 f6 36. Ke6 Bg5 37. a4 Bh4 38. Bh5 Bg5 39. Bf3 Bc1 (39... Bh4 $16 {is a better defense.} 40. Bd5 Bg5) 40. Kxf6 $18 {[#] Threatens to win with Kg6.} Bxb2 $2 (40... Kd8 41. b4 cxb4 42. cxb4 Bd2) 41. Ke7 Bxc3 42. f6 {Accuracy: White = 89%, Black = 66%.} 1-0

[Event "Fagernes GM Swiss 2020"]
[Site "Fagernes"]
[Date "2020.10.11"]
[Round "9.12"]
[White "Carlsson, Ludvig"]
[Black "Dolzhikova, Olga"]
[Result "1-0"]
[WhiteElo "2281"]
[BlackElo "2208"]
[Annotator "TA"]
[PlyCount "39"]
[EventDate "2020.10.04"]
[EventType "swiss"]
[EventCountry "NOR"]
[SourceTitle "playchess.com"]
[Source "ChessBase"]
[SourceQuality "1"]

{[%evp 17,39,60,56,61,79,68,77,69,83,64,60,57,35,17,31,27,27,25,33,24,27,17,29996,29997]} 1. e4 g6 2. d4 Bg7 3. Nf3 c5 4. d5 d6 5. Nc3 Nf6 6. Bb5+ Nbd7 7. a4 O-O 8. O-O a6 9. Be2 Ne8 10. Bg5 {A43: Schmid Benoni.} h6 11. Bf4 Rb8 12. Re1 {[#] White is better.} Kh7 $146 ({Predecessor:} 12... Nc7 13. Qd2 Kh7 14. Nd1 Nf6 15. Bf1 Nh5 16. Bg3 Nxg3 17. hxg3 e6 18. dxe6 Bxe6 19. c3 d5 20. exd5 Nxd5 21. a5 Qc7 22. Ne3 Rbd8 23. Qc2 Nxe3 {½-½ (23) Tibensky,R (2442)-Prusikin,M (2525) Austria 2005}) 13. Bd3 Nc7 14. e5 (14. a5 {is interesting.} b5 15. axb6 Nxb6 16. Bg3 Nb5 17. Nxb5 axb5 18. c3) 14... dxe5 15. Nxe5 Nxe5 16. Bxe5 Bxe5 17. Rxe5 {aiming for Qf3.} b5 $1 18. axb5 axb5 19. Qd2 {Rh5! would kill now.} Qd6 $2 {[%mdl 8192] [#]} (19... Kg7 $11) 20. Rh5 $1 {[%mdl 512] Accuracy: White = 100%, Black = 74%.} 1-0